000 00469cam a2200181ua 4500
001 6477
008 131212n ii |||gr||||Z||||||eng
040 _cMAIN
082 _a346.07
245 1 1 _aCommercial and Industrial law
_cBy Jiban chatterjee
250 _a2nd ed.
260 _aCalcutta:
_bJ.N. Ghose & sons,
_c1988.
300 _axii,367p.
653 _aCommerce
653 _aCommercial and Industrial law
700 1 _aChatterjee,Jiban,
_eAuthor.,
942 _cBK
999 _c5626
_d5626